000 01505nam a22002897a 4500
005 20210325205335.0
008 s2551 th tha d
041 _atha
050 _aAC159 อ622 2551
245 1 0 _aอ่าน ปีที่ 1 ฉบับที่ 1 เมษายน-มิถุนายน 2551
260 3 _aกรุงเทพฯ :
_bอ่าน,
_c2551
300 _a161 หน้า :
_b ภาพประกอบ ;
_c 26 ซม.
650 0 4 _aเหตุการณ์สำคัญ -- รวมเรื่อง
650 0 4 _aโครงการภาพยนตร์เฉลิมพระเกียรติ
650 0 4 _aภาพยนตร์ -- ประวัติและวิจารณ์
650 0 4 _aแผ่นดินของใคร (ภาพยนตร์) -- ประติและวิจารณ์
650 0 4 _aทุ่งมหาราช (ภาพยนตร์) -- ประวัติและวิจารณ์
650 0 4 _aวรรณกรรม -- ประวัติและวิจารณ์
650 0 4 _aความเข้มแข็งทางปัญญา
650 0 4 _aการอ่าน
650 0 4 _aความรู้ทั่วไป
850 _aNALT
942 _cGB
997 _a38992 ฉ.1 / 38993 ฉ.2
997 _c000000000063288
998 _aนางสาวสายฝน ดีงาม
999 _c63288
_d63288